MARC

LEADER 00000nam0a2200000 4500
001 43195
005 20231101210812.0
035 |a (RuTPU)RU\TPU\book\44641 
090 |a 43195 
100 |a 20021001d1984 km y0rusy50 ca 
101 0 |a rus 
102 |a RU 
105 |a a g 001zy 
200 1 |a Справочник по пайке  |f под ред. И. Е. Петрунина 
205 |a 2-е изд., перераб. и доп. 
210 |a Москва  |c Машиностроение  |d 1984 
215 |a 400 с.  |c ил. 
320 |a Библиогр. в конце глав. 
320 |a Предм. указ.: с. 386-398. 
606 1 |a Пайка  |2 stltpush  |9 76604 
610 1 |a металлообработка 
610 1 |a способы 
610 1 |a паяльные смеси 
610 1 |a флюсы 
610 1 |a газовые среды 
610 1 |a паяльные инструменты 
610 1 |a металлические материалы 
610 1 |a полупроводники 
610 1 |a графит 
610 1 |a неметаллические материалы 
610 1 |a паяльные соединения 
610 1 |a конструирование 
610 1 |a прочность 
610 1 |a паяльные работы 
610 1 |a нормирование 
610 1 |a справочники 
675 |a 621.791.3(035)  |v 3 
702 1 |a Петрунин  |b И. Е.  |g Иван Егорович  |4 340 
801 1 |a RU  |b 63413507  |c 20021001  |g PSBO 
801 2 |a RU  |b 63413507  |c 20210209  |g PSBO 
942 |c BK